| 000 | 00451nam a2200181Ia 4500 | ||
|---|---|---|---|
| 005 | 20240924053754.0 | ||
| 008 | 240331s9999 xx 000 0 und d | ||
| 020 | _a0415110858 | ||
| 082 |
_bBET _a757 |
||
| 100 | _aBetterton, R | ||
| 245 | 3 |
_aAn intimate distance : _bwomen, artists and the body |
|
| 260 |
_aLondon _bRoutledge _c1996 |
||
| 300 | _axiv, 240 p., | ||
| 650 | _aHistory | ||
| 650 | _aWomen | ||
| 650 | _aCritical Studies | ||
| 942 | _cL | ||
| 999 |
_c3081 _d3081 |
||